Smallest Countries by Area - With Exceptions - Statistics

General Stats
  • This quiz has been taken 36 times
  • The average score is 21 of 25
Answer Stats
Area Answer % Correct
765 km² Bahrain
100%
11,586 km² Qatar
97%
5,765 km² Brunei
94%
17,818 km² Kuwait
89%
10,452 km² Lebanon
89%
300 km² Maldives
89%
4,033 km² Cape Verde
86%
1,862 km² Comoros
86%
23,200 km² Djibouti
86%
964 km² São Tomé and Principe
86%
9,251 km² Cyprus
83%
14,874 km² East Timor
83%
316 km² Malta
83%
452 km² Seychelles
83%
17,364 km² Eswatini
81%
20,770 km² Israel
81%
710 km² Singapore
81%
2,040 km² Mauritius
78%
22,966 km² Belize
75%
10,689 km² Gambia
75%
21,041 km² El Salvador
72%
13,812 km² Montenegro
72%
26,338 km² Rwanda
72%
25,713 km² North Macedonia
67%
20,273 km² Slovenia
67%
No matching quizzes found
Score Distribution
Percent of People with Each Score
Percentile by Number Answered
Your Score History
You have not taken this quiz